Rise of The Modern West-II/ (Record no. 215004)

MARC details
000 -LEADER
fixed length control field 00688nam a22001817a 4500
005 - DATE AND TIME OF LATEST TRANSACTION
control field 20260301160930.0
010 ## - LCCN (DPL NO)
LC control number BACEN26
020 ## - INTERNATIONAL STANDARD BOOK NUMBER
International Standard Book Number 9789356934245
Terms of availability 1250.00
037 ## - SOURCE OF ACQUISITION
Source of stock number/acquisition Himalaya Publishing House
082 ## - DEWEY DECIMAL CLASSIFICATION NUMBER
Edition number 1
Classification number 900
100 ## - MAIN ENTRY--PERSONAL NAME
Personal name Behera, Harekrushna
245 ## - TITLE STATEMENT
Title Rise of The Modern West-II/
Statement of responsibility, etc Harekrushna Behera
250 ## - EDITION STATEMENT
Edition statement 1
260 ## - PUBLICATION, DISTRIBUTION, ETC. (IMPRINT)
Place of publication, distribution, etc Mumbai
Name of publisher, distributor, etc Himalaya Publishing House Pvt Ltd
Date of publication, distribution, etc 2026
270 ## - ADDRESS
Address Vishal Industrial Estate, Ist Floor, Office No. 63/64, Bhandup Village Road, Subhash Nagar (Opp Ceat Tyres) Nahur(W)
City Mumbai
Postal code 400078
Electronic mail address himpub@bharatmail.co.in
Telephone number 022-35131464
300 ## - PHYSICAL DESCRIPTION
Extent 278p.
Other physical details Index
Dimensions 25cm(hb)
942 ## - ADDED ENTRY ELEMENTS (KOHA)
Source of classification or shelving scheme Dewey Decimal Classification
Item type English Books
Call number suffix BEH
Classification part 900

No items available.


© Delhi Public Library
Hit Counter
free hit counter